000 00507nam a2200181Ia 4500
003 LK-CoDNM
008 140723t2022 xxu||||| |||| 00| 1 sin d
020 _a
_a9786245558346
040 _aLK-CoDNM
_dLK-CoDNM
_eLK-CoDNM
041 _asin
080 _aX 8 C 3
_bARI
100 _aආරියදාස,සිතුම් අසංක
_vAriyadasa,Sithum Asanka
245 _aසඳනාරි
246 _aSadanari
260 _aWaththala
_bNohadunnanie publisher
_c2022
300 _b552p
942 _cBK
999 _c79847
_d79847